000 00759nam a22002057a 4500
999 _c20103
_d20103
003 AR-CdUCM
008 190527b ||||| |||| 00| 0 spa d
040 _aMUNICIPALIDAD PROVINCIAL DEL CUSCO
_cBIBLIOTECA MUNICIPAL DEL CUSCO
082 _a346.241 /
_bE19
100 _aEchecopar García, Luis /
_927448
245 _aRégimen legal de bienes en el matrimonio /
260 _aLima :
_bGaceta Jurídica,
_c1952.
300 _a158 páginas ;
_c25 cm.
505 _aContenido: El matrimonio, su carácter y problemas -- Los regímenes matrimoniales en general -- Generalidades sobre el régimen peruano...
650 _aMatrimonio
_916386
650 _aDerecho civil
_97386
650 _aLegislación peruana
_99407
942 _2ddc
_cLIBROS
945 _aAndy